Città più popolose non Capoluogo Liguria - Statistics

Statistiche generali
  • Questo quiz è stato fatto 65 volte
    27 dall'ultimo reset
  • Il punteggio medio è 6 su 10
Statistiche sulle risposte
Popolazione Provincia Città % Corretto
54 137 Imperia Sanremo
100%
23 926 Imperia Ventimiglia
96%
23 576 Savona Albenga
74%
27 338 Genova Chiavari
74%
29 226 Genova Rapallo
74%
21 829 La Spezia Sarzana
70%
18 172 Genova Sestri Levante
48%
13 461 Savona Varazze
48%
14 032 Imperia Taggia
30%
13 237 Savona Cairo Montenotte
26%
Nessun quiz corrispondente trovato
Distribuzione punteggi
Percentuale di utenti per punteggio
Percentile per numero di risposta
I tuoi punteggi nel tempo
Non hai fatto questo quiz dall'ultimo reset